000 00617nam a2200181 i 4500
001 27843
003 ES-MaACL
005 20250929063057.0
007 t|
008 030115s1968 sp ||||1| spa d
100 1 _aBabin, Pierre,
_d1925-2012
_924418
245 1 0 _aMetodología para la educación de los adolescentes en la fe /
_cPierre Babin ; [Versión castellana dirigida por José Manuel Estepa Llaurens].
260 _aMadrid :
_bMarova,
_c[1968]
300 _a157 p. ;
_c22 cm.
700 1 _aEstepa Llaurens, José Manuel.
_948112
852 _aES-MaACL
_jC-50461
_bR.66208
999 _c27843
_d27843